| 000 | 00000nam##2200000za#4500 |
| 001 | 9.696798 |
| 003 | CaOODSP |
| 005 | 20210624235209 |
| 007 | cr ||||||||||| |
| 008 | 150407|2012||||xxc|||||o f|0| 0 eng|d |
| 020 | |a978-1-100-21390-3 |
| 040 | |aCaOODSP|beng |
| 043 | |an-cn--- |
| 086 | 1 |aIu71-4/30-2012E-PDF |
| 110 | 2 |aCanadian Intellectual Property Office. |
| 245 | 10|aJohn Thomson - case study |h[electronic resource] |
| 250 | |aRevised edition: August 2012 |
| 260 | |aOttawa - Ontario : |bIndustry Canada. |cc2012. |
| 300 | |a13p. |
| 590 | |a14-03-Supp|b2014-01-17 |
| 775 | 08|tJean Laflèche - étude de cas |w(CaOODSP)9.640901 |
| 856 | 40|ahttp://publications.gc.ca|qPDF|s381 KB|uhttps://publications.gc.ca/collections/collection_2014/opic-cipo/Iu71-4-30-2012-eng.pdf |